01217nam a2200265 a 4500001001000000005001700010008004100027020001500068040001700083050002400100245011000124250000600234260006000240300003200300500012100332500011500453500005000568504003200618610007200650650004300722650005500765651003900820653005900859700003300918BRCA_173720190320203528.0070221s2005 mx-a---##b---#000-0#spa-c a9687669160 aIXAcIXAdEL 4aZ885.G95b.J69 200510aJoyas bibliográficas de la Biblioteca Pública del Estado de Jaliscoccoordinadora Carmen Castañeda. a2 aGuadalajara, MéxicobUniversidad de Guadalajarac2005 a141 p.bil. a colorc30 cm. aCatálogo de la exposición realizada en el Museo del Periodismo y las Artes Gráficas (México), diciembre 1997 aIncluye índice de autores, índice de lugares de impresión, índice de impresores e imprentas y glosario a2do. ejemplar en el Área de Investigación aBibliografía : p. 133-13524aBiblioteca Pública del Estado de Jalisco (México)vExposiciones14aLibros rarosvBibliografíazMéxico14aPrimeros libros impresosvBibliografíazMéxico 4aMéxicovBibliografíaxImprenta0 aColección Biblioteca Pública del Estado de Jalisco1 aCastañeda García, Carmen